| 000 | 01045nam a22002657a 4500 | ||
|---|---|---|---|
| 005 | 20140312105912.0 | ||
| 008 | 890531s1982 ec a r 00010 spa d | ||
| 041 | 0 | _aspa | |
| 044 | _ack | ||
| 082 | 0 | 4 |
_a918.695 _bE77c |
| 110 | 2 |
_aEstación Científica Charles Darwin _920629 |
|
| 245 | 0 | 0 |
_aCompendio de ciencia en Galapagos / _ctraducciones de Federico Koelle ; Ana María Boda ; revisión final del texto e idioma Juan Black M. |
| 260 |
_aEcuador : _bEstación Científica Charles Darwin _c1982. |
||
| 300 |
_a353 p. : _bil. mapas ; _c28 cm. |
||
| 504 | _aIncluye bibliografía. | ||
| 650 |
_aBotánica _z Galápagos (Islas,Ecuador) _920630 |
||
| 650 |
_aZoología _z Galápagos (Islas,Ecuador) _920631 |
||
| 651 |
_a Galápagos (Islas,Ecuador) _x Descripción. _920632 |
||
| 651 |
_a Galápagos (Islas,Ecuador) _x Geografía. _920633 |
||
| 700 | 1 |
_aKoelle, Federico, _etr. _920634 |
|
| 700 | 1 |
_aBoda, Ana María, _etr. _920635 |
|
| 700 | 1 |
_aBlack M., Juan. _920636 |
|
| 700 | 1 |
_aEbrerhardt, Ulrike, _eed. _920637 |
|
| 942 |
_2ddc _cImpreso |
||
| 999 |
_c8282 _d8282 |
||